书目信息 |
| 题名: |
溃疡
|
|
| 作者: | 方舟子 著 | |
| 分册: | ||
| 出版信息: | 海口 海南出版社 2001 |
|
| 页数: | 330页 | |
| 开本: | 20cm | |
| 丛书名: | ||
| 单 册: | ||
| 中图分类: | N08 | |
| 科图分类: | ||
| 主题词: | 伪科学--批判--中国 , 伪科学 | |
| 电子资源: | ||
| ISBN: | 7-5443-0048-X | |
| 000 | 00782nam0 2200241 45 | |
| 001 | 050000061929 | |
| 005 | 20061129153540.40 | |
| 010 | @a7-5443-0048-X@dCNY21.80 | |
| 100 | @a20040907d2001 ekmy0chiy0120 ea | |
| 101 | 0 | @achi |
| 102 | @aCN@b440000 | |
| 105 | @ay z 000yd | |
| 200 | 1 | @a溃疡@Akui yang@e直面中国学术腐败@f方舟子著@Ffang zhou zi zhu |
| 210 | @a海口@c海南出版社@d2001 | |
| 215 | @a330页@d20cm | |
| 330 | @a本书分“核酸营养”真相大揭秘,“基因皇后”的神秘面纱,杨敬安抄袭案,戳破“基因”的神话等6部分,共收录了60篇文章。 | |
| 517 | 1 | @a直面中国学术腐败@Azhi mian zhong guo xue shu fu bai |
| 606 | 0 | @a伪科学@x批判@y中国 |
| 606 | 0 | @a伪科学 |
| 690 | @aN08@v4 | |
| 701 | 0 | @a方舟子@Afang zhou zi@4著 |
| 801 | 0 | @aCN@bTSSF@c20061129 |
| 905 | @a10447@dN08@e118 | |
| 溃疡:直面中国学术腐败/方舟子著.-海口:海南出版社,2001 |
| 330页;20cm |
| ISBN 7-5443-0048-X:CNY21.80 |
| 本书分“核酸营养”真相大揭秘,“基因皇后”的神秘面纱,杨敬安抄袭案,戳破“基因”的神话等6部分,共收录了60篇文章。 |
| ● |
| 相关链接 |
|
|
|
|
正题名:溃疡
索取号:N08/118
 
预约/预借
| 序号 | 登录号 | 条形码 | 馆藏地/架位号 | 状态 | 备注 |
| 1 | 0359501 | 3595014 | 第二样本阅览室/ [索取号:N08/118] | 在馆 | |
| 2 | 0359502 | 3595023 | 第三借阅区/ [索取号:N08/118] | 在馆 | |
| 3 | 0359503 | 3595032 | 第三借阅区/ [索取号:N08/118] | 在馆 | |
| 4 | 0359504 | 3595041 | 第三借阅区/ [索取号:N08/118] | 在馆 | |
| 5 | 0359505 | 3595050 | 第三借阅区/ [索取号:N08/118] | 在馆 | |
| 6 | 0413247 | 204132474 | 第三借阅区/ [索取号:N08/118] | 在馆 | |
| 7 | 0413248 | 204132483 | 第三借阅区/ [索取号:N08/118] | 在馆 | |
| 8 | 0413249 | 204132492 | 第三借阅区/ [索取号:N08/118] | 在馆 | |
| 9 | 0413250 | 204132508 | 第三借阅区/ [索取号:N08/118] | 在馆 | |
| 10 | 0413251 | 204132517 | 第三借阅区/ [索取号:N08/118] | 在馆 | |
| 11 | 0413252 | 204132526 | 第三借阅区/ [索取号:N08/118] | 在馆 | |
| 12 | 0413253 | 204132535 | 第三借阅区/ [索取号:N08/118] | 在馆 | |
| 13 | 0413254 | 204132544 | 第三借阅区/ [索取号:N08/118] | 在馆 |